LEADER 00773nam a2200169 i 4500 001 000000341244 003 CaOOAMICUS 005 20241028163357.0 008 200724s2020 it a u100 u mul u 040 $aSeMil$bita 245 10$aTomo 2. 300 $aP. 586-1178, 5 p. di tav. :$bill. ;$c25 cm 773 0 $aFondazione Centro italiano di studi sull'Alto Medioevo $tConoscenza scientifica nell'Alto Medioevo.$dSpoleto : Centro Italiano di studi sull'Alto Medioevo, 2020.$kAtti delle settimane di studio / Centro italiano di studi sull'alto Medioevo$z978-88-6809-283-2$g2$w()341242 850 $aSeMil 852 $aSeMil$W1$xVenegono$y1$m3TA B 67/2$j251931$B232224$CSeMilBibl$Z2$F232224 $81 996 $6245$aTomo 2$9(OLS)http://semarc/title/49331 LEADER 01176nam a2200289 i 4500 001 000000178873 003 CaOOAMICUS 005 20090904000000.0 008 090904s1978 it u000 u ita u 013 $a156448 040 $aSeMil$bita 100 0 $aIoannes Paulus II,$c.$0(OLS)http://semarc/name/646 245 10$aGiovanni Paolo 2. parla di Giovanni Paolo 1. /$ca cura di Piergiorgio Beretta. 260 $aRoma :$bEdizioni Paoline,$c1978. 300 $a108 p. ;$c18 cm. 500 $aContiene : Appendice. 600 04$aGiovanni Paolo I .$0(OLS)http://semarc/subject/9655 700 1 $aBeretta, Piergiorgio.$0(OLS)http://semarc/name/168 850 $aSeMil 852 $aSeMil$W1$xVenegono$y1$m2A I 374$j129643$B129643$CSeMilBibl$Z2$F144005 $81 900 1 $aWojtyla, Karol,$d<1920-2005>. 900 0 $aGiovanni Paolo II$c. 961 $aRecupero: Seminario di Seveso 996 $6245$aGiovanni Paolo 2. parla di Giovanni Paolo 1.$9(OLS)http://semarc/title/256915 996 $6260$aRoma :$bEdizioni Paoline$9(OLS)http://semarc/publisher/29700